Дужим помахом крил: роман із часів визвольних змагань 1918-1920 рр. (Запис № 376253)

МАРК-запис
000 -Лідер
fixed length control field 00783nam a22002417a 4500
001 - Контрольний номер
control field 89978
003 - Ідентифікатор контрольного номера
control field UA-OsUOA
005 - Дата та час останнього входження (трансакції)
control field 20210509210820.0
007 - Фіксоване поле фізичного опису
fixed length control field ta
008 - Елементи даних фіксованої довжини – загальна інформація
fixed length control field 20121113b un ||||| |||| 00| 0 ukr d
040 ## - Джерело каталогізації
Агенція оригінальної каталогізації UA-OsUOA
Мова каталогізації ukr
Агенція, яка здійснювала перезапис UA-OsUOA
Агенція, яка здійснювала модифікацію UA-OsUOA
041 ## - Код мови
Код мови тексту/ звукової доріжки чи окремого заголовка (П) ukr
080 ## - Індекс Універсальної десяткової класифікації
Індекс Універсальної десяткової класифікації (УДК) (НП) 821.161.2
090 ## - Локальний шифр розміщення
Класифікаційний індекс УДК 821.161.2
Авторський знак (НП) К84
100 ## - Основне введення – ім’я особи
Ім’я особи (НП) Крушельницький А.
245 ## - Відомості про назву
Назва (НП) Дужим помахом крил: роман із часів визвольних змагань 1918-1920 рр.
Номер частини/ розділу роботи (П) 1
260 ## - Публікація, розповсюдження і т.п. (Вихідні дані)
Місце публікації, розповсюдження і т.п. (П) Львів
Ім’я/ наймення видавництва, розповсюджувача і т.п. (П) Червона калина
Дата публікації, розповсюдження і т.п. (П) 1992
300 ## - Фізичний опис
Обсяг 174 с.
650 #7 - Додаткове предметне введення – тематичний термін
Тематичний термін чи географічна назва, як елемент введення (НП) 82 Література. Літературознавство
Джерело заголовка чи терміна UDC
942 ## - Додаткові елементи входу (Коха)
Тип елемента Koha Книги
Source of classification or shelving scheme Universal Decimal Classification
955 ## - Код типу видання за змістом
Код типу видання за змістом (НП) Літературно-художні видання
Фонди
Стан вилучень Стан втрат Джерело класифікації або схеми стелажів Стан уражень Не для кредиту Постійне місце розташування Поточне розміщення Дата придбання Інвентарний номер Усього замовленно Повний номер виклику Штрих-код Дата останнього перегляду Ціна ефективна від Тип елемента Koha Джерело придбання Вартість, звичайна ціна покупки
    Universal Decimal Classification     АБ - Абонемент НБ АБ - Абонемент НБ 12/11/2012 24721   821.161.2 К84 24721 29/03/2022 12/11/2012 Книги    
    Universal Decimal Classification     АБ - Абонемент НБ АБ - Абонемент НБ 12/11/2012 24722   821.161.2 К84 24722 29/03/2022 12/11/2012 Книги    
    Universal Decimal Classification     АБ - Абонемент НБ АБ - Абонемент НБ 12/11/2012 24723   821.161.2 К84 24723 29/03/2022 12/11/2012 Книги    
    Universal Decimal Classification     АБ - Абонемент НБ АБ - Абонемент НБ 12/11/2012 24724   821.161.2 К84 24724 29/03/2022 12/11/2012 Книги    
    Universal Decimal Classification     АБ - Абонемент НБ АБ - Абонемент НБ 17/04/2013 142227   821.161.2 К84 142227 29/03/2022 13/11/2012 Книги 20/2013 7.00
    Universal Decimal Classification     АБ - Абонемент НБ АБ - Абонемент НБ 13/11/2012 24720   821.161.2 К84 24720 29/03/2022 13/11/2012 Книги    
    Universal Decimal Classification     АБ - Абонемент НБ АБ - Абонемент НБ 14/11/2012 43919   821.161.2 К84 43919 29/03/2022 13/11/2012 Книги